LEADER 00931cam0-22003011i-450- 001 990009186180403321 005 20140403115651.0 035 $a000918618 035 $aFED01000918618 035 $a(Aleph)000918618FED01 035 $a000918618 100 $a20100517d1914----km-y0itay50------ba 101 0 $alat$agrc 102 $aDE 105 $ay-------001yy 200 1 $aMonumenta eucharistica et liturgica vetustissima$fdigessit vertit adnotavit Gerardus Rauschen 205 $aeditio altera emendata 210 $aBonnae$cSumptibus Petri Hanstein$d1914 225 1 $aFlorilegium patristicum tam veteris quam medii aevi auctores complectens$v07 676 $a265 702 1$aRauschen,$bGerhard 801 0$aIT$bUNINA$gRICA$2UNIMARC 901 $aBK 912 $a990009186180403321 952 $a265 RAU 1$fFLFBC 959 $aFLFBC 996 $aMonumenta eucharistica et liturgica vetustissima$9765836 997 $aUNINA LEADER 01068nas 2200409 c 450 001 9910896306903321 005 20260218111354.0 035 $a(DE-599)ZDB2411579-4 035 $a(OCoLC)1368962535 035 $a(DE-101)987629336 035 $a(CKB)4910000000550994 035 $a(DE-599)2411579-4 035 $a(EXLCZ)994910000000550994 100 $a20080221b19171924 |y | 101 0 $afre 135 $aur||||||||||| 181 $ctxt$2rdacontent 182 $cc$2rdamedia 183 $acr$2rdacarrier 200 00$a391$fFrancis Picabia 210 31$aParis$c391$d1917-1924 210 21$aBarcelone$c391 215 $aOnline-Ressource 517 3 $aTres-cents noranta-i-un 517 3 $aTrois cent quatre-vingt-onze 517 3 $aTrescientos noventa y uno 608 $aZeitschrift$2gnd-content 676 $a050 686 $a9,10$2ssgn 702 $aPicabia$b Francis$f1879-1953$4ctb 801 0$b8999 801 1$bDE-101 801 2$b9999 906 $aJOURNAL 912 $a9910896306903321 996 $a391$9975784 997 $aUNINA